| 000 | 00554nam a22001817a 4500 | ||
|---|---|---|---|
| 005 | 20251108174707.0 | ||
| 008 | 250721s2008 xx 000 0 ara d | ||
| 082 | 1 | 4 | _a214.4/نعي |
| 100 | 1 |
_aنعيم، أسامة _eمؤلف |
|
| 245 | 1 | 0 | _aحقائق و أسرار عن الملائكة و الجن / |
| 264 | 1 |
_aعمان : _bدار الأسرة للنشر و التوزيع، _c2008. |
|
| 300 | _a80 ص. | ||
| 650 | 1 | 7 | _aالملااكه |
| 650 | 1 | 7 | _aالعقيده الدينيه |
| 653 | _aالجن | ||
| 942 |
_2ddc _cBK |
||
| 999 |
_c115651 _d115651 |
||